000
00277nam a2200109Ia 4500
008
231120s2019 xx 000 0 und d
041
_a
eng
100
_a
WENDY VELBERT
245
_a
ACRYLIC PAINTING STEP BY STEP
260
_a
SEARCH PRESS
_b
SEARCH PRESS
_c
2019
300
_a
P-144
999
_c
933667
_d
933667